000 01133nam a22003497a 4500
003 CHAP
005 20220329133945.0
008 971013s1973 r 00010 d
010 _a13227
011 _a14199
035 _a18272
040 _cCHAP
090 _aTesis
100 0 0 _aGómez González, Antonio.
_949712
245 _aEcología del pastizal de Bouteloua chasei
260 _aChapingo, Méx. :
_bEl autor,
_c1973
300 _a90 h.
_b: ilus. ; gráfs.
500 _ac.4 en bodega
502 _aTesis (M.C. Esp. en Botánica) -- ENA. Colegio de Postgraduados. Rama de Botánica
590 _aALEPH
_b10
_c20130110
_lUCH01
_h1232
590 _aBATCH-UPD
_b10
_c20130110
_lUCH01
_h0129
590 _aBATCH-UPD
_b10
_c20130110
_lUCH01
_h2309
590 _aBATCH-UPD
_b10
_c20130409
_lUCH01
_h2124
590 _aBATCH-UPD
_b10
_c20130914
_lUCH01
_h0752
590 _aCONVERSION
_b10
_c20130109
_lUCH01
_h1309
650 1 4 _aBouteloua.
_914795
901 _aBK
942 _cFOLL
949 _bBC
_cTES
_d-42665
_eTS1
_i18272
_si
949 _bBC
_cTES
_d-42666
_eTS2
_fc.2
_i18272
_si
949 _bBC
_cTES
_d-42667
_eTS2
_fc.3
_i18272
_si
999 _c13227
_d13227